The hunting of Mr.Gloves
| Main Author: | |
|---|---|
| Format: | Book |
| Published: |
Bath :
Chivers Press ,
1990
|
| Subjects: |
MARC
| LEADER | 00000cam a2200000 7i4500 | ||
|---|---|---|---|
| 001 | 0000003911 | ||
| 002 | 000004212 | ||
| 005 | 20000330.0 | ||
| 020 | |a 0862206650 | ||
| 090 | 0 | 0 | |a F |b DAN |
| 100 | 1 | |a Daniels, Philip | |
| 245 | 1 | 4 | |a The hunting of Mr.Gloves |c Philip Daniels |
| 260 | |a Bath : |b Chivers Press , |c 1990 | ||
| 300 | |a 217 p. ; |c 21 cm. | ||
| 650 | 0 | 0 | |a Crime and detection fiction |
| 999 | |a 030514 |b BUKU |c PINJAMAN |e PERPUSTAKAAN KOMUNITI PETALING JAYA | ||